[Event "WYCC U14 Girls 2019"]
[Site "Mumbai"]
[Date "2019.10.06"]
[Round "6.11"]
[White "Omonova, Umida"]
[Black "Renganayaki V"]
[Result "1/2-1/2"]
[WhiteElo "2078"]
[BlackElo "1641"]
[Annotator "NA"]
[PlyCount "212"]
[EventDate "2019.10.02"]
[EventType "swiss"]
[EventCountry "IND"]
[SourceTitle "playchess.com"]
[Source "ChessBase"]
[SourceQuality "1"]
[TimeControl "40/5400+30:1800+30"]

1. e4 c5 2. Nf3 g6 3. d4 cxd4 4. Nxd4 Bg7 5. c4 Nc6 6. Be3 Nf6 7. Nc3 d6 8. Be2 O-O 9. O-O Bd7 10. Nc2 Rc8 11. f3 a6 12. Rb1 Ne5 13. Na3 Be6 14. Nd5 Bxd5 15. exd5 Qa5 16. Qb3 Qc7 17. Rbd1 Ned7 18. Rfe1 Nc5 19. Qb4 Nfd7 20. Bf1 Rce8 21. Bd4 Bxd4+ 22. Rxd4 f5 23. Nc2 Ne5 24. Rd2 f4 25. Nd4 Ra8 26. Qc3 a5 27. b3 Qb6 28. Kh1 Rf6 29. a3 Ncd7 30. b4 axb4 31. axb4 Rc8 32. Ne6 Nf8 33. Ng5 Qc7 34. c5 h6 35. Ne4 Rf5 36. Rc2 Nfd7 37. Bb5 Nf6 38. cxd6 Qxc3 39. Rxc3 Rxc3 40. dxe7 Rc8 41. Nxf6+ Rxf6 42. h4 Rb6 43. Rxe5 Rxb5 44. e8=Q+ Rxe8 45. Rxe8+ Kf7 46. Re4 g5 47. hxg5 hxg5 48. d6 Rd5 49. Re7+ Kf6 50. Rxb7 Rxd6 51. Kh2 Rd2 52. Kh3 Rb2 53. b5 Kg6 54. b6 Kh6 55. Rb8 Kg6 56. g3 Rb4 57. gxf4 gxf4 58. Kg4 Kh6 59. Kf5 Kg7 60. Kg5 Kh7 61. Kf5 Kg7 62. Rb7+ Kh6 63. Kf6 Rb3 64. Rb8 Kh7 65. b7 Rb6+ 66. Kg5 Rb4 67. Rf8 Rxb7 68. Rxf4 Kg7 69. Rc4 Rb5+ 70. Kg4 Rb6 71. Rc7+ Kf6 72. f4 Kg6 73. Rc8 Rb4 74. Rc6+ Kf7 75. Kg5 Rb7 76. f5 Kg7 77. Rg6+ Kf7 78. Rh6 Rb5 79. Rh7+ Kg8 80. Ra7 Rb6 81. Rc7 Ra6 82. Re7 Kf8 83. Rd7 Kg8 84. Rd5 Kf7 85. Rb5 Rc6 86. Ra5 Rb6 87. Kf4 Rb7 88. Rc5 Ra7 89. Rc6 Rb7 90. Kg5 Ra7 91. Rf6+ Kg7 92. Rh6 Ra5 93. Rh2 Kg8 94. Re2 Kf8 95. Re6 Kf7 96. Rh6 Kg7 97. Rc6 Ra7 98. Rg6+ Kf7 99. Rh6 Ra5 100. Rh7+ Kg8 101. Rd7 Ra6 102. f6 Ra1 103. Rd6 Rg1+ 104. Kf5 Rf1+ 105. Ke6 Re1+ 106. Kd7 Kf7 1/2-1/2

[Event "WYCC U14 Girls 2019"]
[Site "Mumbai"]
[Date "2019.10.06"]
[Round "6.12"]
[White "Allahverdiyeva, Ayan"]
[Black "Mudodo, Refiloe Hazel"]
[Result "*"]
[WhiteElo "2160"]
[BlackElo "1657"]
[Annotator "ChessBase"]
[PlyCount "62"]
[EventDate "2019.10.02"]
[EventType "swiss"]
[EventCountry "IND"]
[SourceTitle "playchess.com"]
[Source "ChessBase"]
[SourceQuality "1"]
[TimeControl "40/5400+30:1800+30"]

1. e4 {[%emt 0:00:42]} e6 {[%emt 0:00:40]} 2. d4 {[%emt 0:00:06]} d5 {[%emt 0:00:21]} 3. Nd2 {[%emt 0:00:04]} dxe4 {[%emt 0:00:15]} 4. Nxe4 {[%emt 0:00:05]} Bd7 {[%emt 0:00:29]} 5. Nf3 {[%emt 0:00:18]} Bc6 {[%emt 0:00:36]} 6. Bd3 {[%emt 0:00:10]} Nd7 {[%emt 0:00:27]} 7. O-O {[%emt 0:00:28]} Ngf6 {[%emt 0:00:38]} 8. Neg5 {[%emt 0:00:52]} h6 {[%emt 0:06:51]} 9. Nxe6 {[%emt 0:01:14]} fxe6 {[%emt 0:13:28]} 10. Bg6+ {[%emt 0:00:07]} Ke7 {[%emt 0:00:08]} 11. c4 {[%emt 0:01:35]} Nb6 {[%emt 0:06:08]} 12. Ne5 {[%emt 0:01:32]} Be8 {[%emt 0:00:12]} 13. b3 {[%emt 0:02:32]} Qc8 {[%emt 0:01:59]} 14. Qd3 {[%emt 0:25:10]} Nbd7 {[%emt 0:08:27]} 15. f4 {[%emt 0:04:32]} Nxe5 {[%emt 0:10:28]} 16. fxe5 {[%emt 0:05:34]} Nd7 {[%emt 0:00:15]} 17. Qg3 {[%emt 0:00:17]} Bxg6 {[%emt 0:00:32]} 18. Qxg6 {[%emt 0:00:04]} Qe8 {[%emt 0:00:11]} 19. Bg5+ {[%emt 0:00:18]} hxg5 {[%emt 0:17:08]} 20. Qxg5+ {[%emt 0:00:34]} Nf6 {[%emt 0:00:21]} 21. exf6+ {[%emt 0:00:05]} Kd7 {[%emt 0:00:43]} 22. fxg7 {[%emt 0:00:18]} Rg8 {[%emt 0:01:12]} 23. Qb5+ {[%emt 0:03:39]} Kd6 {[%emt 0:04:33]} 24. gxf8=Q+ {[%emt 0:03:12]} Rxf8 {[%emt 0:00:25]} 25. c5+ {[%emt 0:00:43]} Kd5 {[%emt 0:05:40]} 26. c6+ {[%emt 0:00:06]} Kxd4 {[%emt 0:04:55]} 27. Qc4+ {[%emt 0:01:28] Kd5 Qb5+ Kd4 Qc4+} Ke5 {[%emt 0:00:40]} 28. Qb5+ Kd4 {[%emt 0:00:20]} 29. Qc4+ {[%emt 0:01:00]} Ke5 {[%emt 0:00:40]} 30. Qb5+ Kd4 {[%emt 0:00:20]} 31. Qc4+ {[%emt 0:01:00]} Ke5 {[%emt 0:00:40]} *

[Event "WYCC U14 Girls 2019"]
[Site "Mumbai"]
[Date "2019.10.07"]
[Round "7.1"]
[White "Dhyana Patel"]
[Black "Rakshitta Ravi"]
[Result "0-1"]
[WhiteElo "1995"]
[BlackElo "2310"]
[Annotator "ChessBase"]
[PlyCount "60"]
[EventDate "2019.10.02"]
[EventType "swiss"]
[EventCountry "IND"]
[SourceTitle "playchess.com"]
[Source "ChessBase"]
[SourceQuality "1"]
[TimeControl "40/5400+30:1800+30"]

1. e4 {[%emt 0:00:00]} e5 {[%emt 0:00:00]} 2. Nf3 {[%emt 0:00:00]} Nc6 {[%emt 0:00:05]} 3. Bb5 {[%emt 0:00:15]} Nge7 {[%emt 0:00:28]} 4. O-O {[%emt 0:04:14]} a6 {[%emt 0:00:16]} 5. Bc4 {[%emt 0:01:36]} g6 {[%emt 0:09:27]} 6. Ng5 {[%emt 0:07:06]} d5 {[%emt 0:00:43]} 7. exd5 {[%emt 0:06:43]} Na5 {[%emt 0:04:31]} 8. d3 {[%emt 0:03:03]} Nxc4 {[%emt 0:03:10]} 9. dxc4 {[%emt 0:00:22]} Bg7 {[%emt 0:00:22]} 10. Nc3 {[%emt 0:08:48]} O-O {[%emt 0:06:28]} 11. Re1 {[%emt 0:02:46]} Re8 {[%emt 0:09:54]} 12. c5 {[%emt 0:05:25]} b6 {[%emt 0:12:50]} 13. cxb6 {[%emt 0:08:20]} cxb6 {[%emt 0:00:52]} 14. d6 {[%emt 0:04:58]} Nf5 {[%emt 0:03:25]} 15. Nge4 {[%emt 0:04:57]} h6 {[%emt 0:13:08]} 16. b3 {[%emt 0:07:46]} Nd4 {[%emt 0:03:52]} 17. Ba3 {[%emt 0:06:11]} f5 {[%emt 0:01:46]} 18. Nd2 {[%emt 0:06:42]} Bb7 {[%emt 0:00:52]} 19. Ne2 {[%emt 0:03:41]} Qg5 {[%emt 0:06:23]} 20. Ng3 {[%emt 0:05:50]} h5 {[%emt 0:00:15]} 21. Bc1 {[%emt 0:03:46]} h4 {[%emt 0:02:41]} 22. Nc4 {[%emt 0:01:24]} Qf6 {[%emt 0:07:37]} 23. Ne2 {[%emt 0:02:06]} b5 {[%emt 0:03:06]} 24. Na5 {[%emt 0:01:34]} Be4 {[%emt 0:02:17]} 25. Nxd4 {[%emt 0:00:16]} exd4 {[%emt 0:00:06]} 26. f3 {[%emt 0:01:24]} Bd5 {[%emt 0:00:20]} 27. Rxe8+ {[%emt 0:01:36]} Rxe8 {[%emt 0:00:05]} 28. Bb2 {[%emt 0:01:47]} Qxd6 {[%emt 0:01:18]} 29. Qd2 {[%emt 0:01:17]} h3 {[%emt 0:01:16]} 30. Rd1 {[%emt 0:00:27]} hxg2 {[%emt 0:03:32]} 0-1

[Event "WYCC U14 Girls 2019"]
[Site "Mumbai"]
[Date "2019.10.07"]
[Round "7.2"]
[White "Nasyrova, Ekaterina"]
[Black "Mungunzul, Bat-Erdene"]
[Result "1-0"]
[WhiteElo "2137"]
[BlackElo "1912"]
[Annotator "ChessBase"]
[PlyCount "81"]
[EventDate "2019.10.02"]
[EventType "swiss"]
[EventCountry "IND"]
[SourceTitle "playchess.com"]
[Source "ChessBase"]
[SourceQuality "1"]
[TimeControl "40/5400+30:1800+30"]

1. Nf3 {[%emt 0:00:00]} d5 {[%emt 0:00:00]} 2. e3 {[%emt 0:00:00]} Nf6 {[%emt 0:00:00]} 3. c4 {[%emt 0:00:00]} c6 {[%emt 0:00:17]} 4. Nc3 {[%emt 0:00:02]} Nbd7 {[%emt 0:01:11]} 5. d4 {[%emt 0:04:41]} e6 {[%emt 0:00:20]} 6. Bd3 {[%emt 0:00:36]} dxc4 {[%emt 0:00:23]} 7. Bxc4 {[%emt 0:00:06]} b5 {[%emt 0:00:12]} 8. Bd3 {[%emt 0:02:06]} Bb7 {[%emt 0:00:45]} 9. O-O {[%emt 0:01:00]} a6 {[%emt 0:00:19]} 10. e4 {[%emt 0:17:28]} c5 {[%emt 0:00:09]} 11. d5 {[%emt 0:03:23]} c4 {[%emt 0:00:43]} 12. Bc2 {[%emt 0:04:41]} Qc7 {[%emt 0:00:45]} 13. Nd4 {[%emt 0:17:14]} Nc5 {[%emt 0:00:36]} 14. Bg5 {[%emt 0:04:30]} O-O-O {[%emt 0:12:45]} 15. b4 {[%emt 0:04:43]} cxb3 {[%emt 0:12:19]} 16. axb3 {[%emt 0:00:56]} b4 {[%emt 0:12:04]} 17. Na4 {[%emt 0:02:25]} exd5 {[%emt 0:03:17]} 18. e5 {[%emt 0:24:00]} Qxe5 {[%emt 0:03:54]} 19. Qd2 {[%emt 0:01:10]} Bd6 {[%emt 0:22:14]} 20. g3 {[%emt 0:00:58]} Nce4 {[%emt 0:07:32]} 21. Bxe4 {[%emt 0:00:19]} dxe4 {[%emt 0:00:20]} 22. Bf4 {[%emt 0:01:41]} Qe8 {[%emt 0:11:30]} 23. Rfc1+ {[%emt 0:00:58]} Kb8 {[%emt 0:00:22]} 24. Qxb4 {[%emt 0:00:32]} Bxf4 {[%emt 0:03:48]} 25. Nc6+ {[%emt 0:00:41]} Qxc6 {[%emt 0:00:12]} 26. Rxc6 {[%emt 0:00:13]} Bd2 {[%emt 0:00:32]} 27. Qc4 {[%emt 0:00:46]} e3 {[%emt 0:02:30]} 28. Rb6 {[%emt 0:01:59]} exf2+ {[%emt 0:00:25]} 29. Kxf2 {[%emt 0:00:39]} Rc8 {[%emt 0:02:00]} 30. Qd4 {[%emt 0:05:24]} Rc2 {[%emt 0:02:11]} 31. Rxb7+ {[%emt 0:00:39]} Kxb7 {[%emt 0:00:08]} 32. Qb6+ {[%emt 0:00:05]} Kc8 {[%emt 0:00:35]} 33. Qxa6+ {[%emt 0:00:06]} Kc7 {[%emt 0:00:12]} 34. Qa7+ {[%emt 0:00:12]} Kd8 {[%emt 0:00:42]} 35. Rd1 {[%emt 0:01:54]} Ng4+ {[%emt 0:01:25]} 36. Kg2 {[%emt 0:00:13]} Ke8 {[%emt 0:00:44]} 37. Qa8+ {[%emt 0:00:42]} Kd7 {[%emt 0:00:10]} 38. Qe4 {[%emt 0:00:49]} h5 {[%emt 0:00:31]} 39. Nb6+ {[%emt 0:00:36]} Kd6 {[%emt 0:00:35]} 40. Nc4+ {[%emt 0:00:16]} Rxc4 {[%emt 0:00:22]} 41. Rxd2+ {[%emt 0:30:08] Kd5} 1-0

[Event "WYCC U14 Girls 2019"]
[Site "Mumbai"]
[Date "2019.10.07"]
[Round "7.3"]
[White "Roebers, Eline"]
[Black "Ince, Safiye Oyku"]
[Result "1-0"]
[WhiteElo "2083"]
[BlackElo "1840"]
[Annotator "NA"]
[PlyCount "133"]
[EventDate "2019.10.02"]
[EventType "swiss"]
[EventCountry "IND"]
[SourceTitle "playchess.com"]
[Source "ChessBase"]
[SourceQuality "1"]
[TimeControl "40/5400+30:1800+30"]

1. e4 {[%emt 0:00:00]} c5 {[%emt 0:00:00]} 2. Nf3 {[%emt 0:00:00]} e6 {[%emt 0:00:00]} 3. d4 {[%emt 0:00:00]} cxd4 {[%emt 0:00:00]} 4. Nxd4 {[%emt 0:00:01]} a6 {[%emt 0:00:00]} 5. Bd3 {[%emt 0:00:43]} Nc6 {[%emt 0:01:57]} 6. Nxc6 {[%emt 0:00:20]} bxc6 {[%emt 0:00:30]} 7. Nc3 {[%emt 0:00:42]} e5 {[%emt 0:00:43]} 8. O-O {[%emt 0:02:00]} Nf6 {[%emt 0:00:32] B46: Sicilian: Taimanov: 5 Nc3 a6} 9. Bc4 {[%emt 0:11:01]} (9. f4 Bd6 10. Qf3 Qc7 11. f5 Bc5+ 12. Kh1 h6 13. Bd2 Bb7 14. Rae1 Kf8 15. Na4 Ba7 16. b3 {½-½ (34) Predojevic,B (2490)-Bologan,V (2665) Sarajevo 2004}) 9... Be7 {[%emt 0:07:38]} 10. f4 {[%emt 0:08:44]} Qb6+ {[%emt 0:06:11]} 11. Kh1 {[%emt 0:00:05]} d6 {[%emt 0:00:16]} 12. Qe2 $146 {[%emt 0:06:00]} ({Predecessor:} 12. fxe5 dxe5 13. Bg5 Bg4 14. Qe1 Bh5 {1-0 (27) Loutragotis,D (2194)-Georgantas,A (1776) Nikaia 2017}) 12... Bg4 {[%emt 0:14:49]} 13. Qe3 {[%emt 0:02:38]} Qd4 {[%emt 0:01:57]} 14. Bb3 {[%emt 0:04:17]} Qxe3 {[%emt 0:04:39]} 15. Bxe3 {[%emt 0:00:09]} exf4 {[%emt 0:00:23]} 16. Bxf4 {[%emt 0:00:33]} O-O {[%emt 0:00:10]} 17. Rae1 {[%emt 0:03:35]} Nd7 {[%emt 0:05:10]} 18. Ne2 {[%emt 0:06:51]} Bxe2 {[%emt 0:16:26]} 19. Rxe2 {[%emt 0:00:05]} Ne5 {[%emt 0:00:05]} 20. Rd2 {[%emt 0:03:46]} Ra7 {[%emt 0:01:56]} 21. c4 {[%emt 0:15:45]} c5 {[%emt 0:00:13]} 22. Bxe5 {[%emt 0:00:52]} dxe5 {[%emt 0:00:07]} 23. Rd5 {[%emt 0:00:40]} f6 {[%emt 0:01:46]} 24. Rfd1 {[%emt 0:00:33]} Rb8 {[%emt 0:07:22]} 25. Rd7 {[%emt 0:04:00]} Rbb7 {[%emt 0:01:37]} 26. R7d2 {[%emt 0:02:08]} Rb4 {[%emt 0:02:45]} 27. Rd7 {[%emt 0:00:10]} Rbb7 {[%emt 0:00:09]} 28. Rxb7 {[%emt 0:00:05]} Rxb7 {[%emt 0:00:06]} 29. Rd2 {[%emt 0:00:21]} Kf8 {[%emt 0:02:09]} 30. Ba4 {[%emt 0:01:50]} Rb4 {[%emt 0:00:36]} 31. b3 {[%emt 0:00:57]} Rb6 {[%emt 0:01:24]} 32. Kg1 {[%emt 0:01:05]} Bd6 {[%emt 0:01:23]} 33. Kf2 {[%emt 0:00:17]} Ke7 {[%emt 0:00:05]} 34. Kf3 {[%emt 0:00:58]} Ke6 {[%emt 0:03:50]} 35. h4 {[%emt 0:02:32]} g6 {[%emt 0:04:24]} 36. h5 {[%emt 0:03:25]} g5 {[%emt 0:00:46]} 37. Kg4 {[%emt 0:00:13]} h6 {[%emt 0:01:02]} 38. Rd3 {[%emt 0:02:18]} a5 {[%emt 0:02:09]} 39. Bb5 {[%emt 0:00:34]} f5+ {[%emt 0:05:06]} 40. exf5+ {[%emt 0:01:47]} Kf6 {[%emt 0:00:08] [#]} 41. Bd7 {[%emt 0:35:31]} (41. Kf3 $1 $16) 41... e4 {[%emt 0:32:50]} 42. Re3 {[%emt 0:06:09]} Ke5 {[%emt 0:00:41]} 43. Be6 {[%emt 0:05:00]} Kd4 {[%emt 0:00:49]} 44. Re1 {[%emt 0:00:25]} Bf4 {[%emt 0:05:45]} 45. Bd5 {[%emt 0:02:28]} Be3 $16 {[%emt 0:01:00] [#]} 46. Kh3 {[%emt 0:00:00]} (46. Ba8 $1 $16) 46... a4 {[%emt 0:00:00]} 47. bxa4 {[%emt 0:00:00]} Kd3 48. a5 {[%emt 0:00:00]} Ra6 {[%emt 0:00:00]} 49. Bb7 {[%emt 0:00:23]} Rxa5 {[%emt 0:00:00]} 50. f6 {[%emt 0:00:14]} Rxa2 {[%emt 0:00:00]} 51. Rd1+ {[%emt 0:02:32]} Ke2 {[%emt 0:00:00]} 52. f7 {[%emt 0:00:34]} Kxd1 {[%emt 0:00:00]} 53. f8=Q {[%emt 0:00:15]} Rf2 {[%emt 0:00:00]} 54. Qd6+ {[%emt 0:00:43]} Rd2 {[%emt 0:00:00]} 55. Qe6 {[%emt 0:00:34]} Rd4 {[%emt 0:00:00]} 56. Bxe4 {[%emt 0:00:30]} Kd2 {[%emt 0:00:00]} 57. Kg4 {[%emt 0:00:35]} Kc3 {[%emt 0:00:00]} 58. Kf3 {[%emt 0:00:29]} Bd2 {[%emt 0:00:00]} 59. Bd5 {[%emt 0:00:30]} Bf4 {[%emt 0:00:00]} 60. Kg4 {[%emt 0:00:30]} Bd2+ {[%emt 0:00:00]} 61. Kf5 {[%emt 0:00:32]} g4 {[%emt 0:00:00]} 62. Qe2 {[%emt 0:00:28]} Rf4+ {[%emt 0:00:00]} 63. Ke5 {[%emt 0:00:18]} Rd4 {[%emt 0:00:00]} 64. Kd6 {[%emt 0:00:38]} Kb4 {[%emt 0:00:00]} 65. Qf1 {[%emt 0:00:25]} Bf4+ {[%emt 0:00:00]} 66. Kc6 {[%emt 0:00:10]} Be3 {[%emt 0:00:00]} 67. Qe2 {[%emt 0:00:29]} 1-0

[Event "WYCC U14 Girls 2019"]
[Site "Mumbai"]
[Date "2019.10.07"]
[Round "7.4"]
[White "Divya Deshmukh"]
[Black "Sulyok, Eszter"]
[Result "1-0"]
[WhiteElo "2358"]
[BlackElo "1893"]
[Annotator "ChessBase"]
[PlyCount "149"]
[EventDate "2019.10.02"]
[EventType "swiss"]
[EventCountry "IND"]
[SourceTitle "playchess.com"]
[Source "ChessBase"]
[SourceQuality "1"]
[TimeControl "40/5400+30:1800+30"]

1. e4 {[%emt 0:00:00]} c5 {[%emt 0:00:00]} 2. Nf3 {[%emt 0:00:00]} e6 {[%emt 0:00:00]} 3. d4 {[%emt 0:00:00]} cxd4 {[%emt 0:00:00]} 4. Nxd4 {[%emt 0:00:00]} a6 {[%emt 0:00:00]} 5. Bd3 {[%emt 0:00:00]} Nf6 {[%emt 0:00:08]} 6. O-O {[%emt 0:00:00]} Qc7 {[%emt 0:00:11]} 7. Qe2 {[%emt 0:00:05]} d6 {[%emt 0:00:06]} 8. c4 {[%emt 0:00:04]} g6 {[%emt 0:00:39]} 9. Nc3 {[%emt 0:00:45]} Bg7 {[%emt 0:00:54]} 10. Be3 {[%emt 0:00:13]} O-O {[%emt 0:00:49]} 11. f4 {[%emt 0:00:24]} Nbd7 {[%emt 0:00:21]} 12. Rac1 {[%emt 0:00:37]} b6 {[%emt 0:01:12]} 13. b4 {[%emt 0:02:19]} Bb7 {[%emt 0:00:55]} 14. Nb3 {[%emt 0:02:51]} Rac8 {[%emt 0:01:18]} 15. g4 {[%emt 0:03:12]} Rfe8 {[%emt 0:16:42]} 16. g5 {[%emt 0:06:27]} Nh5 {[%emt 0:00:06]} 17. Na4 {[%emt 0:12:48]} Qb8 {[%emt 0:14:07]} 18. Qf2 {[%emt 0:20:08]} Ba8 {[%emt 0:21:49]} 19. c5 {[%emt 0:14:56]} dxc5 {[%emt 0:02:45]} 20. Bxa6 {[%emt 0:05:57]} Qa7 {[%emt 0:06:25]} 21. Bxc8 {[%emt 0:05:37]} Rxc8 {[%emt 0:00:14]} 22. Nc3 {[%emt 0:00:35]} cxb4 {[%emt 0:03:55]} 23. Nb5 {[%emt 0:00:50]} Qa6 {[%emt 0:01:44]} 24. Nc7 {[%emt 0:02:19]} Qa7 {[%emt 0:03:51]} 25. Nxa8 {[%emt 0:00:18]} Rxa8 {[%emt 0:00:04]} 26. Rfd1 {[%emt 0:00:01]} Bc3 {[%emt 0:03:50]} 27. Bd2 {[%emt 0:04:40]} Bb2 {[%emt 0:06:29]} 28. Rc2 {[%emt 0:11:58]} Qxa2 {[%emt 0:03:05]} 29. Nc1 {[%emt 0:05:21]} Qa4 {[%emt 0:03:02]} 30. Bxb4 {[%emt 0:00:28]} Bxc1 {[%emt 0:01:56]} 31. Rcxc1 {[%emt 0:00:02]} Qxb4 {[%emt 0:01:27]} 32. Rxd7 {[%emt 0:00:03]} Qxe4 {[%emt 0:00:48]} 33. Rd4 {[%emt 0:00:05]} Qf5 {[%emt 0:00:33]} 34. Qf3 {[%emt 0:03:07]} Rf8 {[%emt 0:00:27]} 35. Qe3 {[%emt 0:00:31]} Ng7 {[%emt 0:03:20]} 36. h3 {[%emt 0:00:21]} b5 {[%emt 0:00:51]} 37. Kh2 {[%emt 0:00:53]} Nh5 {[%emt 0:01:15]} 38. Rc7 {[%emt 0:00:31]} Qb1 {[%emt 0:01:44]} 39. Rcd7 {[%emt 0:00:26]} Qc2+ {[%emt 0:00:12]} 40. Rd2 {[%emt 0:00:33]} Qf5 {[%emt 0:00:04]} 41. R7d4 {[%emt 0:07:45]} Qc5 {[%emt 0:03:04]} 42. Qf3 {[%emt 0:03:30]} b4 {[%emt 0:03:30]} 43. Re4 {[%emt 0:12:19]} Rb8 {[%emt 0:03:43]} 44. Qe2 {[%emt 0:04:57]} Qc7 {[%emt 0:01:31]} 45. Rc4 {[%emt 0:00:15]} Qa5 {[%emt 0:02:21]} 46. Rb2 {[%emt 0:01:53]} b3 {[%emt 0:04:11]} 47. Qe3 {[%emt 0:01:09]} Qd5 {[%emt 0:10:29]} 48. Qc3 {[%emt 0:00:52]} Qf5 {[%emt 0:01:29]} 49. Rxb3 {[%emt 0:00:25]} Rd8 {[%emt 0:00:23]} 50. Rbb4 {[%emt 0:01:32]} Re8 51. Rc8 {[%emt 0:00:55]} Rxc8 {[%emt 0:03:46]} 52. Qxc8+ {[%emt 0:00:01]} Kg7 {[%emt 0:00:50]} 53. Qc3+ {[%emt 0:00:40]} e5 {[%emt 0:00:16]} 54. Qxe5+ {[%emt 0:00:24]} Qxe5 {[%emt 0:00:07]} 55. fxe5 {[%emt 0:00:01]} Kf8 {[%emt 0:00:52]} 56. Rb7 {[%emt 0:00:42]} Nf4 {[%emt 0:00:25]} 57. Kg3 {[%emt 0:00:26]} Ne6 {[%emt 0:00:08]} 58. Kg4 {[%emt 0:00:32]} Kg7 {[%emt 0:00:21]} 59. Ra7 {[%emt 0:00:25]} Kf8 {[%emt 0:00:45]} 60. h4 {[%emt 0:00:17]} Kg7 {[%emt 0:00:32]} 61. Kf3 {[%emt 0:00:18]} Kf8 {[%emt 0:00:04]} 62. Ke4 {[%emt 0:00:09]} Ng7 {[%emt 0:00:22]} 63. Kd5 {[%emt 0:01:41]} Nf5 {[%emt 0:00:59]} 64. e6 {[%emt 0:00:43]} fxe6+ {[%emt 0:00:08]} 65. Kxe6 {[%emt 0:00:02]} Ng7+ {[%emt 0:02:13]} 66. Ke5 {[%emt 0:00:16]} Kg8 {[%emt 0:01:13]} 67. Ra8+ {[%emt 0:00:20]} Kf7 {[%emt 0:00:10]} 68. Rh8 {[%emt 0:00:05]} h6 {[%emt 0:01:21]} 69. Rxh6 {[%emt 0:00:30]} Nf5 {[%emt 0:00:08]} 70. Rh7+ {[%emt 0:00:02]} Kg8 {[%emt 0:00:15]} 71. Ra7 {[%emt 0:00:05]} Nxh4 {[%emt 0:00:23]} 72. Kf6 {[%emt 0:00:04]} Kh8 {[%emt 0:00:44]} 73. Ra4 {[%emt 0:00:23]} Nf5 {[%emt 0:00:35]} 74. Kxg6 {[%emt 0:00:14]} Ne7+ {[%emt 0:00:09]} 75. Kf7 {[%emt 0:00:02]} 1-0

[Event "WYCC U14 Girls 2019"]
[Site "Mumbai"]
[Date "2019.10.07"]
[Round "7.5"]
[White "Hakobyan, Astghik"]
[Black "Obada, Ema"]
[Result "1-0"]
[WhiteElo "1978"]
[BlackElo "1987"]
[Annotator "NA"]
[PlyCount "112"]
[EventDate "2019.10.02"]
[EventType "swiss"]
[EventCountry "IND"]
[SourceTitle "playchess.com"]
[Source "ChessBase"]
[SourceQuality "1"]
[TimeControl "40/5400+30:1800+30"]

1. e4 c5 2. Nf3 e6 3. d3 Nc6 4. g3 g6 5. Bg2 Bg7 6. O-O Nge7 7. Re1 b6 8. Nbd2 O-O 9. Nf1 {A04: Unusual lines after 1 Nf3 and King's Indian Attack} (9. c3 Bb7 10. Nf1 f5 11. Qe2 Qc7 12. e5 Rae8 13. d4 cxd4 14. cxd4 Nb4 15. Ne3 Ned5 16. Rd1 Ba6 {0-1 (58) Kaatiala,P (1998)-Kanarek,M (2505) Katowice 2017}) 9... d5 10. e5 h6 11. h4 b5 $146 ({Predecessor:} 11... f6 12. exf6 Rxf6 13. Ne3 e5 14. c4 Be6 15. cxd5 Nxd5 16. Nc4 Bg4 17. Re4 {1-0 (44) Araujo Sanchez,J (2110)-Arvelo Leo,G (2241) Santiago de los Caballeros 2017}) 12. Bf4 a5 13. Qd2 Kh7 14. g4 Ba6 15. Ng3 b4 16. Kh2 c4 17. d4 c3 18. bxc3 bxc3 19. Qxc3 Rc8 {[#]} 20. Qd2 $1 a4 21. Bf1 Bxf1 22. Nxf1 Na5 23. Ne3 Nc4 24. Nxc4 Rxc4 25. Rec1 (25. c3 $16) 25... Qc7 26. Ne1 Rc8 27. Rab1 Nc6 28. c3 Na7 29. Qd1 Qe7 30. Ng2 Qa3 31. Rb7 R8c7 32. Rxc7 Rxc7 33. Rc2 Rxc3 34. Rxc3 Qxc3 35. Qxa4 Nc6 36. Be3 f6 37. f4 fxe5 38. fxe5 Nb4 39. h5 gxh5 40. gxh5 Nc2 {[#]} 41. Qb3 $1 Qxb3 $16 42. axb3 Bf8 43. Bf2 Kg8 44. Nf4 Kf7 45. Nd3 Ke8 46. Kg3 Kd7 47. Kf3 Kc6 48. Ke2 Na1 49. b4 Nc2 50. Nc5 Nxb4 51. Nxe6 Be7 52. Be3 Kd7 53. Ng7 Nc2 54. Kd3 Nxe3 55. Kxe3 Bg5+ 56. Kf3 Ke7 1-0